[Event "SVK Extraliga 2019-20"]
[Site "Slovakia"]
[Date "2020.02.29"]
[Round "7.4"]
[White "Piesik, Piotr"]
[Black "Mosesov, Danylo"]
[Result "1/2-1/2"]
[WhiteElo "2422"]
[BlackElo "2379"]
[Annotator "TA"]
[PlyCount "98"]
[EventDate "2019.10.19"]
[EventType "team-tourn"]
[EventCountry "SVK"]
[SourceTitle "playchess.com"]
[Source "ChessBase"]
[SourceQuality "1"]
[WhiteTeam "Dubnica"]
[BlackTeam "Kosice"]

{[%evp 12,98,-20,-26,20,-20,-26,-35,-13,-49,-51,-46,-54,-73,-75,-81,-10,-13,36,29,54,59,49,32,94,94,126,148,188,177,319,322,369,341,449,414,470,467,392,391,525,396,344,260,252,229,234,-12,-13,-16,108,97,100,-10,-7,-21,0,-20,0,0,60,61,59,47,66,50,53,0,0,0,0,-193,-87,-93,-87,-95,0,0,0,0,0,0,0,-90,0,-90,0,0,0]} 1. g3 e5 2. Bg2 Nf6 3. d3 d5 4. Nf3 Bd6 5. O-O O-O 6. Nc3 c6 7. e4 Re8 {A00: Irregular Openings.} 8. Bg5 d4 9. Ne2 h6 {Black is slightly better.} 10. Bd2 (10. Bxf6 $5 Qxf6 11. Nd2 $11) 10... c5 11. Nh4 Nc6 {[#]} 12. f4 $146 ({Predecessor:} 12. a3 Bd7 13. h3 Rc8 14. f4 exf4 15. Nxf4 Bxf4 16. gxf4 Nxe4 {½-½ (16) Fries Nielsen,N (2313)-Larsen,K (2297) Copenhagen 2012}) 12... exf4 13. Nxf4 Bg4 ({Black should try} 13... Bxf4 $17 14. gxf4 Nxe4 {[%mdl 64] Discovered Attack} 15. Bxe4 Qxh4) 14. Bf3 $11 Bxf4 15. gxf4 Bxf3 16. Nxf3 Qd7 17. f5 Qd6 (17... Nxe4 $14 18. dxe4 Rxe4) 18. Kh1 Kh8 19. Rg1 Nd7 20. Rg3 c4 (20... Qf8 $142 21. Qe2 f6) 21. Qe2 $18 cxd3 22. cxd3 Nce5 23. Bf4 Qf6 24. Rag1 Nxf3 25. Qxf3 Rg8 {Black hopes to continue with ...g5.} 26. Qh5 Rac8 27. Bg5 Qc6 28. Qxf7 {Strongly threatening Bd8!} Rgf8 29. Qb3 $2 ({White must play} 29. Qh5 $1 $18 Rxf5 {[%mdl 64] Pin} 30. R3g2) 29... Nc5 $11 30. Qd1 {Threatens to win with f6!} Rxf5 (30... Nxe4 $1 $11 {keeps the balance.} 31. dxe4 Qxe4+ {[%mdl 64] Double Attack} 32. Qf3 Qxf3+ 33. Rxf3 hxg5) 31. Bc1 $1 $16 (31. Bxh6 gxh6 32. Rg6 Nxe4 $1 $11 {[%mdl 512]}) 31... Rcf8 32. Qg4 ({Better is} 32. Rxg7 $16 {Threatening mate with Qg4.} Rf1 33. Rxf1 Rxf1+ 34. Qxf1 Kxg7 35. Bd2) 32... R5f7 $11 33. b4 Nd7 $36 {[%mdl 2048] Black has the initiative.} 34. b5 Qd6 ({Don't go for} 34... Qxb5 $2 35. Bxh6 $1 {[%mdl 512]} gxh6 36. Qh3 $1 $18 {[%mdl 512]}) 35. Qh5 Nf6 (35... Rf1 $11) 36. Qh4 $14 Nh7 37. Rg6 Qe5 38. Ba3 Re8 39. Bd6 (39. Qg4 $14 Rf2 40. Qh3) 39... Qxb5 $11 40. Qg3 {[%cal Rg6g7]} Ng5 {...Kh7 is the strong threat.} 41. a4 $2 (41. Qh4 $1 $11 {and White stays safe.} Qxd3 42. R6xg5) 41... Qd7 ({Worse is} 41... Qxa4 42. Be5 $11) (41... Qc6 $1 $19 {is more deadly.} 42. h4 Rf3) 42. Bf4 $17 {[#]} Re6 $1 {[%cal Re6g6]} 43. Rxe6 Qxe6 (43... Nxe6 $17 44. Bxh6 Kg8) 44. Bxg5 $11 hxg5 45. Qxg5 $17 {KQR-KQR} Qh3 46. Qd8+ Kh7 {Hoping for ...Rf2.} 47. Qxd4 (47. Qg5 $11) 47... Qf3+ 48. Rg2 {[#]} Qd1+ (48... Rc7 $1 $17 {[%cal Rc7c1] White must now prevent ...Rc1+.} 49. Qg1 Qxd3) 49. Rg1 $1 $11 {[%cal Rg1d1]} ({Reject} 49. Qg1 Qxd3 50. h3 Qxe4 $19) 49... Qf3+ {Black defended with fortune. Accuracy: White = 70%, Black = 50%.} 1/2-1/2

[Event "SVK Extraliga 2019-20"]
[Site "Slovakia"]
[Date "2020.02.29"]
[Round "7.4"]
[White "Piesik, Piotr"]
[Black "Mosesov, Danyil"]
[Result "1/2-1/2"]
[WhiteElo "2422"]
[BlackElo "2379"]
[Annotator "TA"]
[PlyCount "98"]
[EventDate "2019.10.19"]
[EventType "team-tourn"]
[EventCountry "SVK"]
[SourceTitle "playchess.com"]
[Source "ChessBase"]
[SourceQuality "1"]
[WhiteTeam "Dubnica"]
[BlackTeam "Kosice"]

{[%evp 12,98,-27,-28,0,-38,-32,-34,-23,-52,-52,-53,-46,-71,-66,-69,0,-20,48,27,51,47,80,47,115,104,144,137,152,165,312,241,409,401,433,412,395,364,445,438,516,445,416,268,260,222,185,-4,-5,-9,108,99,102,0,0,0,0,-13,0,0,55,55,35,33,53,36,55,0,0,0,0,-221,-81,-105,-92,-75,0,0,0,0,0,0,0,-75,0,-84,0,0,0]} 1. g3 e5 2. Bg2 Nf6 3. d3 d5 4. Nf3 Bd6 5. O-O O-O 6. Nc3 c6 7. e4 Re8 {A00: Irregular Openings.} 8. Bg5 d4 9. Ne2 h6 {Black is slightly better.} 10. Bd2 c5 11. Nh4 Nc6 {[#]} 12. f4 $146 ({Predecessor:} 12. a3 Bd7 13. h3 Rc8 14. f4 exf4 15. Nxf4 Bxf4 16. gxf4 Nxe4 {½-½ (16) Fries Nielsen,N (2313)-Larsen,K (2297) Copenhagen 2012}) 12... exf4 13. Nxf4 Bg4 14. Bf3 Bxf4 (14... Bxf3 $11 15. Qxf3 Ne5) 15. gxf4 $14 Bxf3 16. Nxf3 Qd7 17. f5 Qd6 ({Better is} 17... Nxe4 $14 18. dxe4 Rxe4) 18. Kh1 $16 Kh8 19. Rg1 Nd7 20. Rg3 c4 (20... Qf6 $142 21. Bf4 b6) 21. Qe2 $18 cxd3 $2 (21... Rg8 22. Rag1 (22. dxc4 Rae8 $16) 22... Nce5 23. Nxe5 (23. dxc4 Rac8 $16) 23... Nxe5) 22. cxd3 Nce5 23. Bf4 Qf6 24. Rag1 Nxf3 25. Qxf3 Rg8 26. Qh5 Rac8 27. Bg5 Qc6 {If only Black now had time for ...Nf6....} 28. Qxf7 Rgf8 29. Qb3 $2 (29. Qh5 $1 $18 Rxf5 {[%mdl 64] Pin} 30. R3g2) 29... Nc5 $11 30. Qd1 Rxf5 (30... Nxe4 $1 $11 31. dxe4 Qxe4+ {[%mdl 64] Double Attack} 32. Qf3 Qxf3+ 33. Rxf3 hxg5) 31. Bc1 $1 $16 (31. Bxh6 gxh6 32. Rg6 Nxe4 $1 $15 {[%mdl 512]}) 31... Rcf8 32. Qg4 ({White must play} 32. Rxg7 $16 {And now Qg4 would win.} Rf1 33. Rxf1 Rxf1+ 34. Qxf1 Kxg7 35. Qg1+ Kf7 36. Qxd4) 32... R5f7 33. b4 Nd7 34. b5 Qd6 ({But not} 34... Qxb5 $2 35. Qh3 $18) 35. Qh5 Nf6 (35... Rf1 $11) 36. Qh4 $14 Nh7 37. Rg6 Qe5 38. Ba3 Re8 39. Bd6 (39. Bb2 $14) 39... Qxb5 $11 40. Qg3 {[%cal Rg6g7]} Ng5 {aiming for ...Kh7.} 41. a4 $2 (41. Qh4 $1 $11 Qxd3 42. R6xg5) 41... Qd7 ({Weaker is} 41... Qxa4 42. Be5 $11) (41... Qc6 $1 $19 42. h4 Rf3) 42. Bf4 $17 {[#]} Re6 $1 {[%cal Re6g6]} 43. Rxe6 Qxe6 (43... Nxe6 $17 44. Bxh6 Kg8) 44. Bxg5 $11 hxg5 45. Qxg5 $17 {KQR-KQR} Qh3 46. Qd8+ Kh7 {Hoping for ...Rf2.} 47. Qxd4 (47. Qg5 $11 {was the only way to keep the balance.}) 47... Qf3+ 48. Rg2 {[#]} Qd1+ (48... Rc7 $1 $17 {[%cal Rc7c1] ...Rc1+ is the strong threat.} 49. Qb2 Qxd3) 49. Rg1 $1 $11 {[%cal Rg1d1]} (49. Qg1 $2 Qxd3 50. h3 Qxe4 $19) 49... Qf3+ {White really could win this. Accuracy: White = 66%, Black = 48%.} 1/2-1/2

[Event "SVK Extraliga 2019-20"]
[Site "Slovakia"]
[Date "2020.02.29"]
[Round "7.4"]
[White "Varga, Zoltan"]
[Black "Manik, Mikulas"]
[Result "1/2-1/2"]
[WhiteElo "2417"]
[BlackElo "2359"]
[Annotator "TA"]
[PlyCount "102"]
[EventDate "2019.10.19"]
[EventType "team-tourn"]
[EventCountry "SVK"]
[SourceTitle "playchess.com"]
[Source "ChessBase"]
[SourceQuality "1"]
[WhiteTeam "Streda"]
[BlackTeam "Prakovce"]

{[%evp 20,102,16,25,41,4,72,78,81,0,0,4,101,-15,-21,-12,-8,-85,-76,-147,-72,-55,-50,-56,-71,-65,0,0,0,0,0,-99,22,33,118,0,0,0,0,0,0,0,8,7,104,110,401,413,413,283,484,87,59,23,42,0,56,0,0,0,0,-143,-141,-140,-149,-139,-128,-139,-147,-142,-127,-208,-15,-10,166,177,135,93,92,102,110,108,100,114,110]} 1. e4 c5 2. Nf3 Nc6 3. d4 cxd4 4. Nxd4 Nf6 5. Nc3 d6 6. f3 e5 7. Nb3 Be6 8. Be3 Be7 9. Qd2 O-O 10. O-O-O a5 11. Bb5 $1 {The main line 11.Bb5 scores better than 11.Kb1.} Nb4 {B56: Classical Sicilian: Unusual Lines.} 12. a3 {[%cal Ba2a3,Ba3b4][%mdl 32]} d5 (12... Qc7 $11) 13. axb4 $16 {[%cal Re4d5]} d4 14. Nxd4 (14. Bxd4 $1 $16 exd4 15. Qxd4 (15. Nxd4 axb4 16. Na4 Bd7 $11)) 14... exd4 $11 15. Qxd4 Qc8 (15... Qxd4 $11 16. Bxd4 axb4) 16. Nd5 ({White should try} 16. bxa5 $1 $16 Rxa5 17. b4) 16... Bxd5 17. exd5 axb4 $40 {[%mdl 128] [#] Black has some attack.} 18. d6 $146 (18. Bc4 $1 $11) ({Predecessor:} 18. Bd3 Rd8 19. Bc4 Ra5 20. Rhe1 Nxd5 21. Bxd5 Bf6 22. Qd3 Rdxd5 {0-1 (22) Blanco,H (2426)-Almeida Quintana,O (2500) Havana 2006}) 18... Bxd6 $1 $17 19. Qc4 (19. Qxd6 $142 Ra1+ 20. Kd2) 19... Qf5 ({Black should play} 19... Qb8 $1 {aiming for ...Rc8.} 20. g3 Rd8) 20. Kb1 Rfc8 21. Qd3 Qe6 22. Qxd6 b3 (22... Qa2+ $15 23. Kc1 b3) 23. c4 $11 Qxe3 24. Qd3 Qf2 25. g4 (25. g3 $1 $11 {keeps the balance.}) 25... g6 (25... Ra7 $1 $17 {( -> ...Rca8)} 26. Rhe1 h5) 26. Qxb3 Ra7 (26... Ne8 $14) 27. Rhf1 (27. Qd3 $1 $16) 27... Qxh2 28. Qe3 Rca8 {[%csl Ga8][%cal Ra7a1]} 29. Rf2 Qg3 30. Rd3 Qg1+ 31. Kc2 {g5 is the strong threat.} Ra2 (31... Ra1 $11) 32. Rfd2 $16 Qa1 $2 {[%mdl 8192]} (32... Ra1 $16) 33. Rb3 $18 Qh1 34. g5 Nh5 $2 (34... Ra1 {is a better defense.} 35. Rbd3 Qc1+ 36. Kb3 R8a3+ 37. Kb4 Rxd3 38. Qxd3 Nh5) 35. Rbd3 $2 (35. Be8 $1 $18 {Threatening mate with Qe7!} Ra1 36. Bxf7+ $1 {[%mdl 512]} Kh8 37. Rbd3 Qb1+ 38. Kc3) 35... Rf8 $16 36. Qe5 Raa8 37. Bd7 Qa1 (37... Ra1 $11) 38. Rb3 (38. Rd1 $14 Qa6 39. Qc5) 38... Qf1 $11 39. Qe2 Qg1 40. Qe5 (40. Qe3 $11 {remains equal.} Qf1 41. Qd3) 40... Ra1 $17 {Hoping for ...Rc1+.} 41. Rbd3 Re1 42. Qc7 Qxg5 43. Qxb7 Nf4 44. Rd6 {[#]} Qc5 $1 {[%cal Rc5c4][%mdl 512]} 45. Qc6 {[#]} (45. R6d4 $17 {was necessary.} Ne2 46. Re4 Rc1+ 47. Kb3) 45... Qe3 $2 {[#]} ({Better is} 45... Qg1 $1 $19 46. Qb7 h5) 46. Qe4 $1 $11 {[%cal Re4e3][%mdl 512] [#]} Rb8 $2 (46... Ng2 $1 $11 {[%mdl 512]} 47. Bb5 (47. Rxg2 Rc1#) 47... Qh6) (46... Qxe4+ 47. fxe4) 47. Qxe3 $18 Rxe3 48. R6d4 g5 {White is better.} 49. c5 {Strongly threatening c6.} Reb3 (49... Rxf3 $2 50. c6 $18) 50. Kb1 {Threatens to win with c6.} R3b7 ({Don't blunder} 50... Rxf3 $2 51. c6 $18) 51. c6 Rc7 {Never resign too early! Accuracy: White = 48%, Black = 51%.} 1/2-1/2

[Event "SVK Extraliga 2019-20"]
[Site "Slovakia"]
[Date "2020.02.29"]
[Round "7.4"]
[White "Banas, Kamil"]
[Black "Mrva, Martin"]
[Result "0-1"]
[WhiteElo "2242"]
[BlackElo "2388"]
[Annotator "TA"]
[PlyCount "60"]
[EventDate "2019.10.19"]
[EventType "team-tourn"]
[EventCountry "SVK"]
[SourceTitle "playchess.com"]
[Source "ChessBase"]
[SourceQuality "1"]
[WhiteTeam "Modra"]
[BlackTeam "Snina"]

{[%evp 9,60,0,35,32,35,17,38,28,50,16,65,21,42,0,73,-22,-13,-31,-18,-31,-30,-28,-33,-22,-45,-41,-41,-75,-58,-94,-82,-119,-16,-95,30,35,28,35,35,-45,-56,-359,0,-86,-79,-140,-137,-129,-148,-183,-142,-1172,-1223]} 1. e4 d6 2. d4 a6 3. a4 Nc6 {[#]} 4. h3 $146 ({Predecessor:} 4. Nc3 e5 5. d5 Nce7 6. Bd3 g6 7. Nge2 f5 8. f4 Bg7 9. O-O Bd7 10. Ng3 {1-0 (18) Nyzhnyk,I (2405)-Kanaev,S Moscow 2008}) 4... e5 5. Nf3 Nf6 6. Nc3 {B07: Pirc Defence: Miscellaneous Systems.} Be7 7. Be2 O-O 8. O-O {White is slightly better.} Re8 9. Re1 (9. d5 $5 {[%cal Rd5c6]} Nb8 10. Be3 $14) 9... b6 10. Bf1 (10. d5 $5 {[%cal Rd5c6]} Nb8 11. Bc4 $14) 10... Bb7 11. b3 (11. d5 $5 {[%cal Rd5c6]} Nb8 12. b3 $14) 11... Nd7 (11... exd4 $11 {keeps the balance.} 12. Nxd4 Nxd4 13. Qxd4 d5) 12. Bb2 (12. d5 $16 Ncb8 13. Nd2) 12... Nxd4 $11 13. Nxd4 exd4 14. Qxd4 Bf6 15. Qd2 Nc5 {[%cal Rc5e4]} 16. f3 Be5 17. Nd1 Bg3 $1 18. Nf2 Qh4 19. Red1 Bf4 20. Qe1 {[#]} f5 $1 {[%mdl 512]} 21. Qc3 (21. Bc4+ $11 Kh8 22. Nd3 (22. Qc3 $2 Be5 $19) 22... Qxe1+ 23. Rxe1 Nxd3 24. cxd3) (21. exf5 Rxe1) 21... Re7 (21... Be5 $17 22. Qc4+ d5 23. Rxd5 Bxb2 24. Rxc5+ Kh8) 22. exf5 {Black must now prevent Qc4+.} d5 {...Qg3! is the strong threat.} 23. Ng4 $40 {[%mdl 128] aiming for f6. White attacks.} h5 24. f6 (24. Rd4 $1 $14 Ne4 25. Rxe4 (25. fxe4 hxg4 26. exd5 Be3+ 27. Kh2 g3+ 28. Kh1 Bxd4 $17) 25... dxe4 26. f6) 24... Rf7 $15 25. Ne3 $2 {[%mdl 8192]} (25. Rd4 $1 $15 Qg3 26. Rxf4 Qxf4 27. Ne5 Rxf6 28. b4) 25... Re8 $2 ({Black should try} 25... Qg3 $19 26. Nf5 Qh2+ 27. Kf2 g6 28. Ne7+ {[%mdl 64] Double Attack} Kh7) 26. Re1 {[#]} (26. Nxd5 $11 Bxd5 27. Rxd5) 26... Qg5 $1 $17 {[%cal Re8e3]} 27. Nxd5 ({Better is} 27. Nf5 Rxe1 28. Rxe1 Qxf5 29. Re8+ Rf8 30. Qe1 gxf6 31. b4) 27... Rxe1 28. Rxe1 Bxd5 29. fxg7 {Re8+ would kill now.} Re7 30. Rd1 $2 {[%mdl 8192] [#]} (30. Rxe7 $17 Qxe7 31. Kf2) 30... Qg3 $1 {Accuracy: White = 32%, Black = 68%.} 0-1

[Event "SVK Extraliga 2019-20"]
[Site "Slovakia"]
[Date "2020.02.29"]
[Round "7.4"]
[White "Bochnicka, Vladimir"]
[Black "Jurcik, Marian"]
[Result "0-1"]
[WhiteElo "2094"]
[BlackElo "2460"]
[Annotator "TA"]
[PlyCount "88"]
[EventDate "2019.10.19"]
[EventType "team-tourn"]
[EventCountry "SVK"]
[SourceTitle "playchess.com"]
[Source "ChessBase"]
[SourceQuality "1"]
[WhiteTeam "Bratislava"]
[BlackTeam "Zilina"]

{[%evp 13,88,14,34,31,16,-11,-10,-24,-28,-22,-23,-15,0,-12,0,-10,0,-5,0,0,0,0,0,0,0,0,12,-39,-48,-61,-61,-72,-74,-70,-68,-68,-66,-72,-67,-99,-100,-200,-201,-201,-188,-372,-364,-366,-378,-376,-373,-352,-360,-347,-314,-296,-295,-475,-411,-509,-504,-459,-452,-2002,-2062,-1772,-1909,-2387,-1988,-29968,-29971,-12829,-6574,-29979,-29980,-29982,-29983]} 1. e4 c6 2. d4 d5 3. Nd2 dxe4 4. Nxe4 Nf6 5. Nxf6+ exf6 6. Bc4 Bd6 7. Qe2+ Be7 8. c3 {B15: Caro-Kann: 3 Nc3: 3...g6 and 3...dxe4 4 Nxe4 Nf6 5 Nxf6+ exf6.} O-O 9. Qf3 c5 10. Ne2 {The position is equal.} Nc6 {[%cal Rc5d4]} 11. Be3 cxd4 {[#]} 12. Bxd4 $146 ({Predecessor:} 12. Nxd4 Ne5 13. Qe2 a6 14. Bb3 Qc7 15. h3 f5 16. O-O Ng6 17. Rad1 f4 18. Bc1 {1-0 (39) Mazi,L (2311)-Pantev,V (2401) Deutschlandsberg 2019}) 12... Nxd4 13. Nxd4 Bc5 14. Rd1 Re8+ 15. Ne2 $132 {[%mdl 2048] White is not holding back} Qb6 16. O-O Be6 17. Bxe6 Qxe6 18. Nf4 Qxa2 19. Qxb7 Bb6 20. Rd2 (20. b4 $11) 20... Rad8 $1 $15 {[%cal Rd8d2]} 21. Qc6 Qa6 {[#] Threatens to win with ...Bxf2+!} 22. Rd4 Rc8 23. Qa4 Qxa4 24. Rxa4 Rcd8 25. g3 Rd2 26. Rb4 {Black keeps a firm grip on the game.} Kf8 27. Rb5 (27. Kg2 $17) 27... Re5 $19 28. Rxe5 fxe5 {[%mdl 4096] Endgame KRB-KRN} 29. Nh3 $2 {[#]} (29. Ng2) 29... Rxb2 30. Ng5 Ke7 31. g4 h6 32. Ne4 g6 33. Rd1 f5 34. gxf5 gxf5 35. Nd2 $2 (35. Nd6) 35... e4 36. Nc4 Bxf2+ 37. Kf1 Ra2 38. Rd2 (38. Rd5 $142 Kf6 39. Rd6+ Kg5 40. Rd5) 38... Rxd2 39. Nxd2 {KB-KN} Bb6 40. Ke2 Ke6 41. c4 a5 42. Nb1 Bd4 43. Na3 f4 44. Nb5 Ke5 {Accuracy: White = 55%, Black = 100%.} 0-1

[Event "SVK Extraliga 2019-20"]
[Site "Slovakia"]
[Date "2020.02.29"]
[Round "7.5"]
[White "Druska, Juraj"]
[Black "Bochnickova, Andrea"]
[Result "1-0"]
[WhiteElo "2505"]
[BlackElo "2122"]
[Annotator "TA"]
[PlyCount "55"]
[EventDate "2019.10.19"]
[EventType "team-tourn"]
[EventCountry "SVK"]
[SourceTitle "playchess.com"]
[Source "ChessBase"]
[SourceQuality "1"]
[WhiteTeam "Zilina"]
[BlackTeam "Bratislava"]

{[%evp 17,55,45,60,31,49,42,60,0,61,58,79,56,93,92,92,87,90,95,651,662,647,646,579,431,435,424,737,707,783,490,415,408,702,545,1119,1097,1324,1316,1282,1282]} 1. e4 c5 2. Nf3 e6 3. d4 cxd4 4. Nxd4 a6 5. Bd3 Qc7 6. O-O Nf6 7. Qe2 d6 8. c4 Be7 9. Nc3 Nbd7 10. Be3 {B42: Sicilian: Kan Variation: 5 Bd3.} O-O 11. Rac1 b6 12. b4 (12. f4 $14) 12... Bb7 (12... Ne5 $11) 13. f4 $1 $14 Rac8 14. f5 Ne5 15. fxe6 Nxd3 {[#]} 16. Qxd3 $146 {Hoping for Nd5.} ({Predecessor:} 16. exf7+ Rxf7 17. Qxd3 Qxc4 18. Qxc4 Rxc4 19. Nd5 Bxd5 20. exd5 Rxc1 21. Rxc1 Nxd5 22. Bd2 {0-1 (40) Sanchez Ruiz,J (1790)-Ariste Justo,J (1897) Bilbao 2008}) 16... Qxc4 17. Qb1 $36 {[%mdl 2048] aiming for Nce2. White is on the roll.} Qc7 $2 {[%mdl 8192] This move loses the game for Black.} (17... fxe6 $16 18. Nce2 Bxe4 19. Rxc4 Bxb1 20. Rxc8 Rxc8 21. Rxb1 Nd5) 18. Nd5 $18 {[%mdl 64] [#] Discovered Attack} Nxd5 19. Rxc7 Nxc7 20. exf7+ Rxf7 21. Qb3 Bf6 (21... Rcf8 $142 22. Nf5 Kh8) 22. Nf5 Rd8 23. Nh6+ {[%mdl 64] [#] Deflection} gxh6 24. Rxf6 $1 Rdd7 (24... Bd5 $142 25. Qb2 Ne8 26. Rxf7 (26. exd5 Nxf6 27. h3 h5 $16) 26... Bxf7) 25. Bxb6 {Rxf7 is the strong threat.White is clearly winning.} Bxe4 26. Rxf7 Rxf7 27. Bxc7 d5 28. Be5 {Accuracy: White = 63%, Black = 29%.} 1-0

[Event "SVK Extraliga 2019-20"]
[Site "Slovakia"]
[Date "2020.02.29"]
[Round "7.5"]
[White "Cech, Pavel"]
[Black "Chovan, Milan"]
[Result "0-1"]
[WhiteElo "2326"]
[BlackElo "2316"]
[Annotator "TA"]
[PlyCount "70"]
[EventDate "2019.10.19"]
[EventType "team-tourn"]
[EventCountry "SVK"]
[SourceTitle "playchess.com"]
[Source "ChessBase"]
[SourceQuality "1"]
[WhiteTeam "Liptovska"]
[BlackTeam "Podhajska"]

{[%evp 29,70,31,27,-45,-31,-37,-19,-94,-121,-119,-93,-95,-95,-96,-99,-164,-170,-232,-237,-251,-256,-250,-243,-253,-260,-265,-249,-318,-320,-321,-324,-322,-313,-408,-387,-411,-408,-397,-400,-391,-360,-1092,-1065]} 1. d4 Nf6 2. c4 g6 3. Nc3 d5 4. cxd5 Nxd5 5. e4 Nxc3 6. bxc3 Bg7 7. Nf3 c5 8. Rb1 O-O 9. Be2 Nc6 10. d5 Ne5 11. Nxe5 Bxe5 12. Qd2 e6 13. f4 Bc7 14. O-O exd5 15. exd5 Ba5 16. Rb5 {D85: Exchange Grünfeld: Unusual White 7th moves and lines with 7 Nf3.} (16. d6 $11) 16... b6 {[%cal Bb7b6,Bb6a5][%mdl 32]} 17. Bb2 Ba6 {[#]} 18. Rxa5 $146 (18. f5 $1 $11 Re8 19. fxg6 hxg6 20. d6) ({Predecessor:} 18. f5 Bxb5 19. f6 Bxe2 20. Qh6 Qxf6 21. Rxf6 c4 22. Rf4 f5 23. Rh4 Rf7 24. Qe3 {1-0 (31) Mitenkov,A (2435)-Bagirov,R (2325) Moscow 1998}) 18... Bxe2 $17 19. Qxe2 {Ra3 is the strong threat.} bxa5 20. c4 Re8 21. Qf2 Qe7 22. Rd1 (22. h3 $17) 22... Rad8 $19 23. Be5 (23. Rc1 {was the only defense.}) 23... f6 24. Bc3 {[#]} Qe2 $1 {[%cal Re2d1]} 25. Qxe2 Rxe2 26. Bxf6 {[%mdl 4096] Endgame [#] KRR-KRB} Rd7 $1 27. Rb1 Rc2 ({Not} 27... Rxa2 28. Be5 $17) 28. Rb8+ Kf7 29. Be5 {intending Rh8.} Rxc4 30. d6 Rc2 31. Rb5 a4 32. a3 Ke6 33. h4 Kd5 34. Ra5 Rc4 {aiming for ...Kc6.} 35. Kh2 $2 (35. Ra6) 35... Kc6 {White got outplayed after the opening. Accuracy: White = 42%, Black = 93%.} 0-1

[Event "SVK Extraliga 2019-20"]
[Site "Slovakia"]
[Date "2020.02.29"]
[Round "7.5"]
[White "Szustakowski, Antoni"]
[Black "Czebe, Attila"]
[Result "0-1"]
[WhiteElo "2303"]
[BlackElo "2359"]
[Annotator "TA"]
[PlyCount "114"]
[EventDate "2019.10.19"]
[EventType "team-tourn"]
[EventCountry "SVK"]
[SourceTitle "playchess.com"]
[Source "ChessBase"]
[SourceQuality "1"]
[WhiteTeam "Prakovce"]
[BlackTeam "Streda"]

{[%evp 11,114,59,70,40,43,23,23,23,27,20,21,24,45,32,37,51,110,113,128,-38,-18,-29,-18,-64,-67,-72,-69,-70,-70,-75,-27,-33,-33,-37,-16,-52,-35,-80,-80,-80,-87,-103,-80,-87,-85,-95,-87,-87,-87,-134,-87,-134,-87,-95,-91,-100,-100,-100,-100,-100,-100,-102,-100,-102,-102,-102,-100,-110,0,-116,0,-100,-100,-106,-95,-117,-117,-117,-95,-95,-95,-95,-95,-117,-64,-107,-82,-82,-43,-52,-52,-52,0,0,0,0,-3,-592,-591,-528,-583,-592,-576,-576,-572]} 1. d4 d6 2. Nf3 g6 3. c4 Bg7 4. Nc3 e5 5. e4 Bg4 6. d5 a5 7. Be2 {A42: Modern Defence: Averbakh Variation.} Na6 8. h3 Bd7 9. O-O {[#] White has an edge.} Nc5 $146 ({Predecessor:} 9... f6 10. Ne1 Nh6 11. Nd3 O-O 12. b3 f5 13. a3 Nc5 14. Nxc5 dxc5 15. d6 Bc6 16. dxc7 Qxc7 {1-0 (43) Zhao,X (2428)-Foisor,C (2403) Cannes 2003}) 10. Be3 b6 11. b3 f5 12. exf5 gxf5 13. Ng5 Nf6 {[#]} (13... f4 $1 $14 14. Bh5+ Kf8) 14. Bh5+ $1 $16 Kf8 15. Bf7 $2 (15. Bxc5 $1 $16 {Strongly threatening Ba3.} bxc5 16. Ne6+ Bxe6 17. dxe6) 15... Qe7 $15 {And now ...h6 would win.} 16. Bxc5 h6 $1 {[%cal Rh6g5]} 17. Ne6+ Kxf7 18. Ba3 Bxe6 19. dxe6+ Qxe6 20. Nd5 Nxd5 21. cxd5 Qg6 22. Rc1 Ra7 23. Rc3 f4 24. Qf3 {and if Rfc1 works, White does fine.} Re8 $36 {[%mdl 2048] Black is on the roll.} 25. Re1 Kg8 {[#] aiming for ...e4.} 26. Rc6 Re7 27. Bc1 Bf6 28. Qe4 Rg7 (28... Kh7 {is interesting.} 29. Bd2 Rg7 30. Kf1 h5 31. a4 Qxe4 32. Rxe4 Kg6) 29. Qxg6 Rxg6 30. f3 Rg7 31. Bd2 Kf7 32. Rec1 Ke8 33. Be1 Kd7 34. Bf2 Rb7 35. Kf1 Rg8 36. R1c2 h5 37. Be1 Be7 38. Bf2 Ra8 39. Ke2 Rg8 40. Kf1 Bf6 41. Be1 $1 Re8 42. Re2 Re7 43. Re4 Kc8 44. a4 Kd7 45. Rec4 Rg7 46. Rc2 Rg8 47. Ra2 h4 ({Black should play} 47... Kc8 $17 48. Rac2 Kb8) 48. Bc3 Ra8 49. Ke2 b5 50. Kd3 bxa4 51. bxa4 Rb6 ({Black should try} 51... Rb3 $15 52. Ke4 Rg8) 52. Rxb6 $11 cxb6 {KRB-KRB} 53. Bd2 Rb8 54. Ra3 $2 {[%mdl 8192] This move loses the game for White.} (54. Be1 $11 {and White is okay.}) 54... Rg8 $19 {Black is clearly winning.} 55. Rb3 Bd8 56. Bc3 {White hopes to continue with Rb2.} Rxg2 57. Rb2 Rg3 {[%mdl 64] Double Attack. Accuracy: White = 77%, Black = 82%.} 0-1